000 02017cam a2200337 a 4500
001 121602
005 20230410132616.0
008 051108s2006 enk 000 0 eng d
010 _a 2006386594
015 _aGBA592323
_2bnb
016 7 _a013326081
_2Uk
020 _a9780330435338
020 _a9780330435321
020 _a0330435329
020 _a0330435337
020 _a0330435329
035 _a(OCoLC)ocm62225203
050 1 4 _aPR 6052.R246
_bB798l 2006
082 0 4 _a828.91409
100 1 _aBradbury, Malcolm,
_d1932-2000.
245 1 0 _aLiar's landscape :
_bcollected writing from a storyteller's life /
_cMalcolm Bradbury ; edited and with a foreword by Dominic Bradbury ; afterword by David Lodge.
260 _aLondon :
_bPicador,
_c2006.
300 _axii, 426 p. ;
_c22 cm.
505 _aMacclesfield, 1940 -- Royal train -- Dracula country -- Sons and mothers -- A week or so in Rome -- In praise of grammar schools -- Dearing up the campus -- Under the dome -- Time called while you were out -- Reading parties -- The waiting game -- The age of anxiety: the 1950s -- The days of the history men -- Convergence: a story -- Loving Norfolk -- The recent adventures of Robinson Crusoe -- Do we have great novels any more? -- Welcome back to the history man -- The wissenschaft file -- Furling the flag -- She's got to have it -- the first great shopaholic -- A modest proposal -- John Blackwell -- Mortal fictions -- Liar's landscape -- Honoured.
520 _aWhen Sir Malcolm Bradbury died in 2000, he left behind a lifetime's work; some of it published and some of it not; short stories; and more. From unfinished novel to unsent letters, from prose to play, from Macclesfield to the New Year's Honours List, this work is an evidence of the late author's versatility, wit and, passion for the written word
650 _a20151200
650 _aBradbury, Malcolm, -- 1932-2000.
650 _aAuthorship.
700 1 _aBradbury, Dominic.
942 _2lcc
_cbk
999 _c84596
_d84596